BENCHMARKING AND PROCESS IMPROVEMENT (Record no. 9319)

MARC details
000 -LEADER
fixed length control field 00315nam a2200121Ia 4500
008 - FIXED-LENGTH DATA ELEMENTS--GENERAL INFORMATION
fixed length control field 240624s9999 xx 000 0 und d
041 ## - LANGUAGE CODE
Language code of text/sound track or separate title eng
082 ## - DEWEY DECIMAL CLASSIFICATION NUMBER
Classification number 658.4013 MOD
100 ## - MAIN ENTRY--PERSONAL NAME
Personal name MODY SURESH M
245 ## - TITLE STATEMENT
Title BENCHMARKING AND PROCESS IMPROVEMENT
260 ## - PUBLICATION, DISTRIBUTION, ETC.
Place of publication, distribution, etc. Mumbai
Name of publisher, distributor, etc. D. L. Shah Trust
300 ## - PHYSICAL DESCRIPTION
Extent 120 : p. : cm. ; 24
Holdings
Withdrawn status Lost status Damaged status Not for loan Home library Current library Shelving location Date acquired Source of acquisition Full call number Barcode Date last seen Price effective from Koha item type
        IMTN IMTN Rack 27-B 07/14/2008 DLST 658.4013 MOD 9319 06/24/2024 06/24/2024 Books
Designed & Maintained by: LRC IMT Nagpur Contact: lrc@imtnag.ac.in© 2024. All Rights Reserved.